| 000 | 00771nam a2200241 a 4500 | ||
|---|---|---|---|
| 001 | 4080 | ||
| 003 | CDMR | ||
| 005 | 20151019134801.0 | ||
| 008 | 130130s2008||||||||||||||||||||||||spa|d | ||
| 020 | _a9788492400058 | ||
| 040 |
_aCDMR _bcat _cCDMR |
||
| 245 | 0 | 0 |
_aKessel - Moral _b: dos reporteros en la Guerra Civil española _cMichel Lefrebvre |
| 260 |
_aBarcelona _bInèdita _c2008 |
||
| 300 |
_a191 p. _bil. _c28 cm |
||
| 600 | 1 |
_94455 _aKessel, Joseph _d1898-1979 |
|
| 600 | 1 |
_94454 _aMoral, Jean _d1906-1999 |
|
| 650 | 0 | 4 |
_94205 _aFotografia de guerra |
| 650 | 0 | 4 |
_92560 _aCorresponsals de guerra |
| 650 | 0 | 4 |
_93196 _aEspanya _xHistòria _y1936-1939, Guerra Civil |
| 700 | 1 |
_94455 _aKessel, Joseph _d1898-1979 |
|
| 700 | 1 |
_94453 _aLefebvre, Michel _ecomp. |
|
| 942 |
_cMON _2udc |
||
| 999 |
_c4080 _d4080 |
||